[Event "Victoria-ch op"]
[Site "Box Hill"]
[Date "2004.06.14"]
[Round "6"]
[White "Rothlisberger, Marcel"]
[Black "Frost, Peter"]
[Result "1-0"]
[WhiteElo "1892"]
[BlackElo "1812"]
[PlyCount "73"]
[EventDate "2004.06.12"]
[EventType "swiss"]
[EventRounds "7"]
[EventCountry "AUS"]
[SourceTitle "EXT 2018"]
[Source "ChessBase"]
[SourceDate "2017.10.13"]
[SourceVersion "1"]
[SourceVersionDate "2017.10.13"]
[SourceQuality "1"]

1. d4 f5 2. Nf3 Nf6 3. c4 g6 4. g3 Bg7 5. Bg2 0-0 6. Nc3 d6 7. 0-0 c6 8. Qb3 Kh8 9. e3 Na6 10. Bd2 e5 11. dxe5 dxe5 12. Nxe5 Nc5 13. Qc2 Nfe4 14. Nf3 Qd3 15. Qxd3 Nxd3 16. Nxe4 fxe4 17. Nd4 Nxb2 18. Bxe4 Nxc4 19. Bb4 Re8 20. Bg2 Bd7 21. Rab1 Rac8 22. Rfc1 b5 23. Be1 a6 24. a4 c5 25. axb5 cxd4 26. bxa6 d3 27. a7 d2 28. Bxd2 Ra8 29. Rxc4 Rxa7 30. Bc3 Bxc3 31. Rxc3 Bf5 32. Rbc1 Kg7 33. Rc7+ Rxc7 34. Rxc7+ Kh6 35. h4 Rd8 36. Bf3 g5 37. Rc5 1-0